| 000 | 00390nam a2200145 4500 | ||
|---|---|---|---|
| 999 |
_c1120 _d1120 |
||
| 008 | 200109b ||||| |||| 00| 0 eng d | ||
| 082 | 0 | 0 |
_a658 _bN551 |
| 100 |
_9695 _aNewman, William H. |
||
| 245 | 1 | 0 |
_aProcess of Management _cby William H Newman |
| 250 | _a3rd ed. | ||
| 260 |
_aDelhi _bPrentice Hall _c1973 |
||
| 300 | _axviii, 748 p. | ||
| 650 | 0 | _aIndustrial Management | |
| 942 |
_2ddc _cBK |
||